| 000 | 00610cam a22002294a 4500 | ||
|---|---|---|---|
| 005 | 20251007061818.0 | ||
| 020 |
_a9966530882 _cTZS 64,000 /= |
||
| 040 |
_aMCCL _beng. _eAACR 2nd rev.ed. |
||
| 082 | _a343.41096 MAR | ||
| 100 | _aBakibinga, David J. | ||
| 245 | 1 | 0 |
_aRevenue law in Uganda _c/ David J. Bakibinga |
| 250 | _a2nd ed. | ||
| 260 |
_aNairobi : _bLaw Africa. ; _cc 2019. |
||
| 300 |
_alxii, 286 p. : _c21 cm. |
||
| 504 | _aIncludes index. | ||
| 546 | _aeng. | ||
| 650 | 0 | _aTaxation | |
| 650 | 0 | _aAdministration of Tax | |
| 650 | 0 | _aTax appeals | |
| 700 | _aBakibinga, David J. | ||
| 942 | _cBK | ||
| 999 |
_c12147 _d12147 |
||